000 00301nam a2200109Ia 4500
005 20260328104311.0
008 260328s9999||||xx |||||||||||||| ||und||
100 _aMora, Mónica
245 0 _aPanamá Cosmopolita :
_b la exposicion de 1916 y su legado /
_cMónica Mora
650 _aPANAMÁ
942 _cBK
999 _c10964
_d10964